The mechanics of modernity in Europe and East Asia the institutional origins of social change and stagnation /

Bibliographic Details
Main Author: Ringmar, Erik.
Corporate Author: ProQuest (Firm)
Format: Electronic eBook
Language:English
Published: London ; New York : Routledge, 2005.
Series:Routledge explorations in economic history ; 29.
Subjects:
Online Access:Click to View
LEADER 01888nam a22004934a 4500
001 EBC199469
003 MiAaPQ
005 20200520144314.0
006 m o d |
007 cr cn|||||||||
008 041005s2005 enk sb 001 0 eng
010 |z  2004023473 
015 |a GBA476892  |2 bnb 
016 7 |z 013023430  |2 Uk 
020 |z 0415342546 (hb) 
035 |a (MiAaPQ)EBC199469 
035 |a (Au-PeEL)EBL199469 
035 |a (CaPaEBR)ebr10163094 
035 |a (CaONFJC)MIL24132 
035 |a (OCoLC)437059331 
040 |a MiAaPQ  |c MiAaPQ  |d MiAaPQ 
043 |a e------  |a ae----- 
050 4 |a HB615  |b .R55 2005 
082 0 4 |a 303.48/094  |2 22 
084 |a 15.70  |2 bcl 
084 |a 15.75  |2 bcl 
100 1 |a Ringmar, Erik. 
245 1 4 |a The mechanics of modernity in Europe and East Asia  |h [electronic resource] :  |b the institutional origins of social change and stagnation /  |c Erik Ringmar. 
260 |a London ;  |a New York :  |b Routledge,  |c 2005. 
300 |a viii, 266 p. 
490 1 |a Routledge explorations in economic history ;  |v 29 
504 |a Includes bibliographical references (p. [238]-257) and index. 
533 |a Electronic reproduction. Ann Arbor, MI : ProQuest, 2015. Available via World Wide Web. Access may be limited to ProQuest affiliated libraries. 
650 0 |a Entrepreneurship  |z Europe  |x History. 
650 0 |a Industrial productivity  |z Europe  |x History. 
650 0 |a Social change  |z Europe  |x History. 
650 0 |a Entrepreneurship  |z East Asia  |x History. 
650 0 |a Industrial productivity  |z East Asia  |x History. 
650 0 |a Social change  |z East Asia  |x History. 
650 0 |a Stagnation (Economics)  |x History. 
655 4 |a Electronic books. 
710 2 |a ProQuest (Firm) 
830 0 |a Routledge explorations in economic history ;  |v 29. 
856 4 0 |u https://ebookcentral.proquest.com/lib/matrademy/detail.action?docID=199469  |z Click to View